Chăn nuôi dê

Giới thiệu kĩ thuật nuôi dê. Tập tính, các giống dê nuôi phổ biến và các sản phẩm từ dê, vấn đề dinh dưỡng, sinh sản và một số bệnh thường gặp ở dê

Zapisane w:
Opis bibliograficzny
1. autor: Võ, Văn Ninh
Format: Książka
Język:Undetermined
Wydane: Hà Nội Nông nghiệp 2015
Hasła przedmiotowe:
Etykiety: Dodaj etykietę
Nie ma etykietki, Dołącz pierwszą etykiete!
Thư viện lưu trữ: Trung tâm Học liệu Trường Đại học Cần Thơ
LEADER 00792nam a2200217Ia 4500
001 CTU_208927
008 210402s9999 xx 000 0 und d
020 |c 25000 
082 |a 636.39 
082 |b N312 
100 |a Võ, Văn Ninh 
245 0 |a Chăn nuôi dê 
245 0 |c Võ Văn Ninh 
260 |a Hà Nội 
260 |b Nông nghiệp 
260 |c 2015 
520 |a Giới thiệu kĩ thuật nuôi dê. Tập tính, các giống dê nuôi phổ biến và các sản phẩm từ dê, vấn đề dinh dưỡng, sinh sản và một số bệnh thường gặp ở dê 
650 |a Goats,Dê 
650 |x Breeding,Chăn nuôi 
904 |i Hải 
980 |a Trung tâm Học liệu Trường Đại học Cần Thơ